Personnages d'Hazbin Hotel - Statistiques

Statistiques générales
  • Ce quiz a été pris 669 fois
  • Le résultat moyen est 20 sur 27
Statistiques - réponses
Hint Réponse % Correct
La princesse de l'enfer Charlie
99%
Sbires de ce dernier Eggboyz
96%
Démon de la radio Alastor
93%
Ange déchu et chef des Enfers Lucifer
90%
Membre des Vees démon de la télévision Vox
89%
Barman de l'Hôtel Husk
88%
Chef des exorcistes Adam
87%
Exorciste déchue qui protège l'Hôtel Vaggie
87%
Membre des Vees ressemblant à un papillon Valentino
87%
Premier client de l'Hôtel Angel Dust
85%
Reine des Enfers Lilith
84%
Femme de ménage de l'Hôtel Niffty
82%
Membre des Vees adepte de la mode Velvette
80%
Cheffe des séraphins Sera
78%
Séraphine pour la rédemption des pécheurs Emily
76%
Bras droit du chef des exorcistes Lute
75%
Overlord s'occupant du Faubourg Cannibale Rosie
75%
Ingénieur voulant conquérir l'Enfer Sir Pentious
74%
Overlord dans le commerce d'armes angéliques Carmilla
70%
Le plus vieil Overlord encore présent Zestial
66%
Pécheresse qui a toujours des problèmes avec la mafia Mimzy
54%
Animal de compagnie de ce dernier Fat Nuggets
52%
Ange gardant les portes du Paradis Saint Pierre
52%
Cannibale très rabat-joie Susan
47%
Chat de l'Hôtel Keekee
36%
Et celui-ci a un nom ? Franck
33%
Animaux de compagnie de cette dernière Razzle et Dazzle
21%
Aucun quiz correspondant
Distribution des résultats
% des personnes avec chaque résultat
Percentile par nombre de réponses
Votre historique - résultats
Vous n’avez pas pris ce quiz